Wing-venation of the or thoptera saltatoria (Registro nro. 3282)

Detalles MARC
000 -CABECERA
Campo de control 00443nam a2200157 a 4500
005 - FECHA Y HORA DE LA ULTIMA TRANSACCION
Campo de control 20140310163131.0
008 - ELEMENTOS DE LONGITUD FIJA—INFORMACION GENERAL
Campo de control 140310b1960 enk||||| |||| 00| 0 eng d
041 ## - IDIOMA
Código de idioma para texto/pista de sonido o título separado Inglés
044 ## - PAÍS DE PUBLICACIÓN
País de publicación Inglaterra
090 ## - CLASIFICACIÓN LOCAL
Colección LB
Consecutivo 03051
100 ## - ASIENTO PRINCIPAL--NOMBRE PERSONAL
Nombre personal Ragge, D. R.
245 ## - MENCION DE TITULO
Título Wing-venation of the or thoptera saltatoria
Parte restante del título with notes on dictyopteran wing-venation
260 ## - PUBLICACION, DISTRIBUCION, ETC. (PIE DE IMPRENTA)
Lugar de publicación, distribución, etc. Londres
Nombre del editor, distribuidor, etc. Printed in Great Britain
Fecha de publicación, distribución, etc. 1960?
300 ## - DESCRIPCION FISICA
Extensión 150
942 ## - ELEMENTOS ADICIONALES (KOHA)
Tipo de ítem Impreso
Sistema de clasificación Local
Existencias
Withdrawn status Lost status Sistema de Clasificación Damaged status No para préstamo Colección Inventariado Ubicación Permanente Ubicación actual Fecha de adquisición Fuente de Valor Valor Total Checkouts Número topográfico Inventario / Código de Barras Date last seen Ejemplar Price effective from Forma de adquisición Tipo de material
    Local     Entomología Inventariado 2017 Villa de Leyva Villa de Leyva 30/04/2003 Instituto 39000.00   LB-03051 003531 04/12/2012 Ej. 1 04/12/2012   Libro